| 000 | 00493cam a2200193ua 4500 | ||
|---|---|---|---|
| 001 | 9969 | ||
| 005 | 20260515114541.0 | ||
| 008 | 170225n ii |||gr||||Z||||||eng | ||
| 020 | _a9789382951711 | ||
| 040 | _cMAIN | ||
| 041 | _aeng | ||
| 082 | _a158 | ||
| 100 |
_aKhera, Shiv, _eAuthor. |
||
| 245 |
_aYou can win : _ba step by step tool for top achievers / _cBy Shiv Khera . |
||
| 260 |
_aNew Delhi: _bBloomsbury, _c2013. |
||
| 300 | _a295p. | ||
| 653 | _aApplied psychology | ||
| 942 | _cBK | ||
| 999 |
_c8964 _d8964 |
||